[Event "Vosu op"]
[Site "Vosu"]
[Date "1989.??.??"]
[Round "?"]
[White "Marin, Mihail"]
[Black "Drozdov, Mihail"]
[Result "1-0"]
[WhiteElo "2475"]
[BlackElo "2200"]
[PlyCount "53"]
[EventDate "1989.??.??"]
[EventType "swiss"]
[EventRounds "9"]
[EventCountry "URS"]
[SourceTitle "EXT 1997"]
[Source "ChessBase"]
[SourceDate "1996.11.15"]
[SourceVersion "1"]
[SourceVersionDate "1996.11.15"]
[SourceQuality "1"]

1. d4 d5 2. c4 e6 3. Nc3 Nf6 4. cxd5 exd5 5. Bg5 Be7 6. e3 h6 7. Bh4 0-0 8. Bd3 c6 9. Qc2 Nbd7 10. Nf3 Re8 11. 0-0 Nf8 12. Ne5 Ng4 13. Bxe7 Qxe7 14. Nxg4 Bxg4 15. Rae1 Rad8 16. f4 Bc8 17. f5 Nd7 18. Rf4 Nf6 19. Qf2 c5 20. Re2 a6 21. g4 b5 22. h4 c4 23. Bc2 Bb7 24. g5 hxg5 25. hxg5 Ne4 26. Bxe4 dxe4 27. Qh4 1-0